La realidad: objetiva o construida

Պահպանված է:
Մատենագիտական մանրամասներ
Հիմնական հեղինակ: Maturana Romesín, Humberto (autor)
Ձևաչափ: Գիրք
Լեզու:իսպաներեն
Հրապարակվել է: Barcelona Anthropos 1995
Շարք:Nueva Ciencia, 12
Խորագրեր:
Ցուցիչներ: Ավելացրեք ցուցիչ
Չկան պիտակներ, Եղեք առաջինը, ով նշում է այս գրառումը!

MARC

LEADER 00000nam a2200000 a 4500
001 UCL0766
003 CL-VaPUC
008 030818e19950000SP |||||||||||||||||spa|d
082 0 4 |a 571  |b MAT  |2 21 
100 |a Maturana Romesín, Humberto  |e autor  |9 448877 
245 1 3 |a La realidad: objetiva o construida 
300 |a v 
942 |c BK 
945 |d 20030818 00:00:00  |a cmena 
260 |a Barcelona  |b Anthropos  |c 1995 
500 |a v.1: Fundamentos biológicos de la realidad 
650 7 |a CONOCIMIENTO  |2 CL-VaPUC  |9 308991 
650 0 |a Teoría del conocimiento   |9 255038 
650 0 |a Evolución  |9 259442 
650 0 |a Filosofía de las ciencias  |9 256466 
650 0 |a Biología  |9 262022 
583 |a last modification  |c 20120930 10:29:42  |k Rodrigo Vera 
490 0 |a Nueva Ciencia, 12 
999 |c 304547  |d 304545 
952 |0 0  |1 0  |4 0  |6 571_000000000000000_MAT_1995  |7 0  |8 A  |9 366913  |a BIBEDU  |b BIBEDU  |d 2019-11-21  |h v.1  |i 3907384  |o 571 MAT 1995  |p 3907384  |r 2019-11-21  |w 2019-11-21  |y BK  |k PSI